000 00716nam a22002297a 4500
003 UA-OsUOA
001 94920
007 ta
008 20130219b un ||||| |||| 00| 0 ukr d
100 _aЗощенко М.
090 _a821.161.1
_bЗ-88
942 _cBK
040 _aUA-OsUOA
_brus
_cUA-OsUOA
_dUA-OsUOA
245 _aВозврощенная молодость. Голубая книга. Перед восходом солнца
300 _a718 с.
955 _a3
041 _arus
080 _a821.161.1
260 _aЛенинград
_bХудожественная литература
_c1988
650 7 _a82 Література. Літературознавство
_2UDC
999 _c381167
_d381167